000
002580000a22001210004500
041
0
_a
Eng
082
0
4
_a
CD 064
110
1
_a
BiemStemra
245
1
0
_a
Relaxation nature / BiemStemra
505
0
0
_a
Música de la naturaleza CD Nº1
001
1065
942
_c
LGB
999
_c
48241
_d
48241